| 000 | 00716nam a2200193Ia 4500 | ||
|---|---|---|---|
| 999 |
_c3715 _d3715 |
||
| 003 | OSt | ||
| 005 | 20200616185718.0 | ||
| 008 | 191128s1986 ck a r 000 j spa d | ||
| 040 |
_aCO-JMCR _cCO-JMCR |
||
| 041 | _aspa | ||
| 082 | 0 | 4 |
_aH / _bPROp |
| 245 | 1 | 3 |
_aEl profeta de fuego : _bla historia de Elias / |
| 260 |
_aBogotá : _bSociedades Bíblicas Unidas, _c1986 |
||
| 300 |
_a32 Páginas : _bilustraciones a color ; _c 25 cm. |
||
| 490 | _aHéroes de la fe | ||
| 520 | _aEl pueblo de israel nunca olvidó las historias acerca de Elías; las preservó en esus escritos sagrados porque el pueblo reconocio a Elías como el modelo de profeta ideal. | ||
| 650 |
_aHistorias bíblicas _95622 |
||
| 942 |
_2ddc _cBK |
||